[Event "AUTO-OPEN-3225"]
[Site "http://www.queenalice.com/game.php?id=1269837"]
[Date "2014.4.2"]
[Round "1"]
[White "RDario"]
[Black "PauloPenso"]
[Result "0-1"]
[WhiteElo "2015"]
[BlackElo "2040"]

1. d4 d5 2. c4 e6 3. Nc3 Nf6 4. Nf3 c6 5. e3 a6 6. c5 Nbd7 7. a4 Be7 8. a5 e5 9.
Na4 e4 10. Ng1 Qxa5+ 11. Bd2 Qc7 12. Ne2 O-O 13. Nc1 b5 14. Nb6 Nxb6 15. cxb6
Qxb6 16. Ba5 Qb8 17. Qc2 Be6 18. Nb3 Rc8 19. Nd2 c5 20. dxc5 Bxc5 21. Bc3 d4 22.
Ba5 dxe3 23. Qb1 exf2+ 24. Ke2 Bg4+ 25. Nf3 exf3+ 26. gxf3 Qe5+ 0-1

[Event "AUTO-OPEN-3225"]
[Site "http://www.queenalice.com/game.php?id=1269838"]
[Date "2014.4.2"]
[Round "1"]
[White "PauloPenso"]
[Black "RDario"]
[Result "1-0"]
[WhiteElo "1852"]
[BlackElo "2015"]

1. e4 d6 2. d4 Nd7 3. Nc3 h6 4. Nf3 g5 5. Be2 Bg7 6. O-O e5 7. dxe5 dxe5 8. b3
Ngf6 9. Ba3 Bf8 10. Bxf8 Nxf8 11. Qxd8+ Kxd8 12. Rad1+ Ke7 13. Nxe5 Ne6 14. Rfe1
Nf4 15. Bc4 Be6 16. Nd5+ N6xd5 17. exd5 f6 18. Nf3 g4 19. Nd4 Kf7 20. dxe6+ Ke7
21. Nf5+ Ke8 22. Rd7 h5 23. Ng7+ Kf8 24. e7+ Kxg7 25. e8=Q+ Kh6 26. Qe7 Ng6 27.
Qe3+ 1-0

[Event "AUTO-OPEN-3225"]
[Site "http://www.queenalice.com/game.php?id=1269865"]
[Date "2014.4.2"]
[Round "1"]
[White "PauloPenso"]
[Black "Rookymoves"]
[Result "1-0"]
[WhiteElo "2134"]
[BlackElo "1982"]

1. e4 e5 2. Nf3 Nf6 3. d4 Nxe4 4. dxe5 d5 5. Nbd2 Bg4 6. Nxe4 dxe4 7. Qxd8+ Kxd8
8. Ng5 Ke8 9. Bc4 Bh5 10. Bf4 Bg6 11. e6 f6 12. Nf7 Bxf7 13. exf7+ Kd7 14.
O-O-O+ Bd6 15. Rhe1 Nc6 16. Rxe4 Nd8 17. Red4 Nc6 18. Rxd6+ cxd6 19. Bxd6 1-0

[Event "AUTO-OPEN-3225"]
[Site "http://www.queenalice.com/game.php?id=1269866"]
[Date "2014.4.2"]
[Round "1"]
[White "Rookymoves"]
[Black "PauloPenso"]
[Result "0-1"]
[WhiteElo "1944"]
[BlackElo "2183"]

1. d4 g6 2. e3 Bg7 3. Bd3 Nf6 4. f4 Nc6 5. Nf3 d5 6. c3 O-O 7. Nbd2 a5 8. O-O
Bg4 9. Qc2 e6 10. e4 a4 11. h3 Bxf3 12. Nxf3 Nxe4 13. Bxe4 dxe4 14. Qxe4 Re8 15.
Ne5 Qd6 16. Nxc6 bxc6 17. Be3 Reb8 18. b4 axb3 19. axb3 Rxa1 20. Rxa1 Rxb3 21.
f5 exf5 22. Ra8+ Bf8 23. Qc2 Ra3 24. Rb8 Qg3 25. Qc1 Ra2 26. Bd2 g5 27. Qe1
Qxe1+ 28. Bxe1 Kg7 29. h4 g4 30. Bg3 Bd6 31. Bxd6 cxd6 32. Rb6 g3 33. Kf1 Rf2+
34. Kg1 Rc2 35. Rxc6 Rc1# 0-1

[Event "OS INCLIVEIS"]
[Site "http://www.queenalice.com/game.php?id=1270128"]
[Date "2014.4.3"]
[Round "-"]
[White "adelio"]
[Black "PauloPenso"]
[Result "0-1"]
[WhiteElo "1804"]
[BlackElo "1500"]

1. d4 d5 2. e4 dxe4 3. Nc3 c6 4. Nxe4 Bf5 5. Qf3 e6 6. c3 Nd7 7. Ng5 Ngf6 8.
Nxf7 Kxf7 9. Nh3 Nb6 10. Bd3 Qd5 11. Bxf5 exf5 12. Be3 h6 13. b3 Qxf3 14. gxf3
g5 15. O-O-O Nbd5 16. Kc2 a5 17. Rd3 a4 18. b4 Bd6 19. Kd2 g4 20. fxg4 fxg4 21.
Ng1 Ne4+ 22. Kc2 Nxe3+ 23. Rxe3 Nxf2 24. Ne2 Nxh1 25. Ng3 Nxg3 26. hxg3 Rae8 27.
Rd3 Re2+ 28. Kc1 Rhe8 29. Kb1 Rg2 30. Rd1 Bxg3 31. Rf1+ Rf2 32. Rh1 Kg6 33. Rd1
Ree2 34. d5 Rd2 35. Re1 Rb2+ 36. Ka1 Rxa2+ 37. Kb1 Rfb2+ 38. Kc1 Bxe1 39. d6 Rd2
40. c4 Ra1# 0-1

[Event "OS INCLIVEIS"]
[Site "http://www.queenalice.com/game.php?id=1271108"]
[Date "2014.4.7"]
[Round "-"]
[White "PauloPenso"]
[Black "adelio"]
[Result "1-0"]
[WhiteElo "2183"]
[BlackElo "1763"]

1. d4 d5 2. Nf3 c5 3. e3 Nc6 4. c4 Nf6 5. cxd5 Nxd5 6. Bc4 Bg4 7. Qb3 Bxf3 8.
gxf3 e6 9. Qxb7 Rc8 10. Bb5 Qd7 11. Qxd7+ Kxd7 12. dxc5 Bxc5 13. Nc3 Rhd8 14.
Nxd5 exd5 15. a3 Ke7 16. b4 Bd6 17. f4 f5 18. Bb2 g6 19. O-O Kf7 20. Rac1 Ne7
21. Ba6 Rxc1 22. Rxc1 g5 23. fxg5 f4 24. Bd3 Rg8 25. h4 f3 26. Bxh7 Rb8 27. Bd4
Ng6 28. Rc6 Rd8 29. Bxg6+ Kxg6 30. Be5 Kh5 31. Rxd6 Rxd6 32. Bxd6 Kg6 33. b5 Kh5
34. Bc5 a5 35. bxa6 Kg6 36. a7 d4 37. exd4 Kh5 38. a8=Q Kxh4 39. g6 Kh5 40. g7
Kh6 41. g8=Q Kh5 42. Qe4 Kh6 43. Qh4# 1-0

[Event "Let's Play Chess!"]
[Site "http://www.queenalice.com/game.php?id=1274290"]
[Date "2014.4.20"]
[Round "-"]
[White "igorjava"]
[Black "PauloPenso"]
[Result "1-0"]
[WhiteElo "1859"]
[BlackElo "2011"]

1. e4 e5 2. f4 exf4 3. Nf3 g5 4. h3 b6 5. d4 Bb7 6. Nc3 Bb4 7. Bc4 Bxe4 8. O-O
Bxc3 9. bxc3 d5 10. Ne5 dxc4 11. Qe2 Qd5 12. Rf2 Nc6 13. Nxc6 Qxc6 14. Qg4 Qg6
15. Ba3 Nf6 16. Qe2 b5 17. Rb1 a6 18. Bc5 Nd5 19. Re1 1-0

[Event "Let's Play Chess!"]
[Site "http://www.queenalice.com/game.php?id=1274291"]
[Date "2014.4.20"]
[Round "-"]
[White "PauloPenso"]
[Black "igorjava"]
[Result "0-1"]
[WhiteElo "1980"]
[BlackElo "1881"]

1. d4 d5 2. Nc3 Nf6 3. Nf3 e6 4. e3 a6 5. Bd3 c5 6. O-O c4 7. Be2 Bd6 8. e4 O-O
9. e5 Ne8 10. exd6 Nxd6 11. Bg5 f6 12. Be3 Nc6 13. b3 b5 14. a3 Bb7 15. bxc4
Nxc4 16. Bxc4 bxc4 17. Bf4 Qd7 18. Na4 Qd8 0-1

[Event "AUTO-MASTER-2072"]
[Site "http://www.queenalice.com/game.php?id=1274388"]
[Date "2014.4.19"]
[Round "1"]
[White "miltonloviski"]
[Black "PauloPenso"]
[Result "1-0"]
[WhiteElo "1851"]
[BlackElo "2085"]

1. e4 e5 2. Nf3 Nc6 3. a3 Nf6 4. Nc3 d6 5. d4 exd4 6. Nxd4 Be7 7. Bb5 Bd7 8.
Bxc6 bxc6 9. O-O O-O 10. f3 c5 11. Nde2 Qc8 12. Nd5 Nxd5 13. Qxd5 Qa6 14. Ng3
Rfb8 15. b3 Bf6 16. Rb1 1-0

[Event "AUTO-MASTER-2072"]
[Site "http://www.queenalice.com/game.php?id=1274389"]
[Date "2014.4.19"]
[Round "1"]
[White "PauloPenso"]
[Black "miltonloviski"]
[Result "0-1"]
[WhiteElo "2135"]
[BlackElo "1823"]

1. d4 d5 2. Nc3 Nf6 3. Nf3 a6 4. Bf4 h6 5. h3 Bf5 6. e3 e6 7. Bd3 Ne4 8. O-O g5
9. Be5 f6 10. Bh2 g4 11. Bxe4 gxf3 12. Bxf5 fxg2 13. Bg6+ Ke7 14. Re1 f5 15. Qf3
Kd7 0-1

[Event "AUTO-MASTER-2072"]
[Site "http://www.queenalice.com/game.php?id=1274400"]
[Date "2014.4.19"]
[Round "1"]
[White "rubenov"]
[Black "PauloPenso"]
[Result "1-0"]
[WhiteElo "1943"]
[BlackElo "2286"]

1. d4 d5 2. Nf3 Nf6 3. e3 c5 4. Bb5+ Bd7 5. Bxd7+ Nbxd7 6. dxc5 Nxc5 7. O-O e6
8. Nc3 Bd6 9. Nb5 a6 10. Nxd6+ Qxd6 11. c3 O-O 12. h3 e5 13. Re1 Rfc8 14. Qe2
1-0

[Event "AUTO-MASTER-2072"]
[Site "http://www.queenalice.com/game.php?id=1274401"]
[Date "2014.4.19"]
[Round "1"]
[White "PauloPenso"]
[Black "rubenov"]
[Result "0-1"]
[WhiteElo "2219"]
[BlackElo "1973"]

1. d4 d5 2. Nc3 c6 3. e4 dxe4 4. Nxe4 e6 5. Nf3 h6 6. Bd3 Nf6 7. Bf4 Nxe4 8.
Bxe4 Bd6 9. Bxd6 Qxd6 10. O-O Nd7 11. Qd2 Nf6 12. Rfe1 Nxe4 13. Rxe4 O-O 0-1

[Event "AUTO-MASTER-2072"]
[Site "http://www.queenalice.com/game.php?id=1274406"]
[Date "2014.4.19"]
[Round "1"]
[White "Gazzana"]
[Black "PauloPenso"]
[Result "1-0"]
[WhiteElo "2192"]
[BlackElo "2042"]

1. e4 e5 2. Nc3 Nf6 3. f4 d5 4. fxe5 Nxe4 5. Qf3 f5 6. d4 Bb4 7. a3 Bxc3+ 8.
bxc3 O-O 9. Ne2 c5 10. Nf4 Nc6 11. Bb2 cxd4 12. cxd4 Qa5+ 13. c3 Nxd4 14. Qd3
Qb6 15. O-O-O Nc5 16. Qg3 Na4 17. Nd3 Nb3+ 18. Kb1 1-0

[Event "AUTO-MASTER-2072"]
[Site "http://www.queenalice.com/game.php?id=1274407"]
[Date "2014.4.19"]
[Round "1"]
[White "PauloPenso"]
[Black "Gazzana"]
[Result "0-1"]
[WhiteElo "2165"]
[BlackElo "2180"]

1. d4 Nf6 2. Nf3 g6 3. c4 d5 4. Nc3 Bg7 5. e3 O-O 6. cxd5 Nxd5 7. Bc4 Nxc3 8.
bxc3 c5 9. O-O cxd4 10. cxd4 Nc6 11. Bd2 e5 12. Bc3 Bg4 13. d5 Na5 14. Be2 Rc8
15. Rc1 Bxf3 0-1

[Event "Let's Play Chess!"]
[Site "http://www.queenalice.com/game.php?id=1274545"]
[Date "2014.4.20"]
[Round "-"]
[White "dnptrs"]
[Black "PauloPenso"]
[Result "0-1"]
[WhiteElo "2165"]
[BlackElo "2206"]

1. d4 d5 2. Nf3 Nf6 3. e3 e6 4. c4 c6 5. Nc3 Nbd7 6. Qc2 Bd6 7. Bd3 O-O 8. a3 e5
9. dxe5 Nxe5 10. Nxe5 Bxe5 11. cxd5 Bxc3+ 12. bxc3 Qxd5 13. O-O Rd8 14. Rd1 Bf5
0-1

[Event "Let's Play Chess!"]
[Site "http://www.queenalice.com/game.php?id=1274546"]
[Date "2014.4.20"]
[Round "-"]
[White "PauloPenso"]
[Black "dnptrs"]
[Result "0-1"]
[WhiteElo "2027"]
[BlackElo "2162"]

1. d4 Nf6 2. c4 e6 3. Nc3 d5 4. cxd5 exd5 5. Bg5 Be7 6. e3 O-O 7. Bd3 c6 8. Qc2
Nbd7 9. Nge2 h6 10. Bh4 Re8 11. O-O Ne4 12. Bxe7 Qxe7 13. Bxe4 dxe4 14. b4 Nb6
0-1